Superhero Profiles: Ant-Man - Statistics

General Stats
  • This quiz has been taken 30 times
  • The average score is 10 of 12
Answer Stats
Hint Answer % Correct
Hope van Dyne's superhero name The Wasp
100%
The original Ant-Man Henry "Hank" Pym
93%
Real name Scott Lang
89%
How many years was he under house arrest? Two years
89%
Girlfriend Hope van Dyne
81%
His team The Avengers
81%
Daughter Cassandra "Cassie" Lang
78%
Enemy: A genius inventor who created a suit like Ant-Man's Yellow Jacket | Darren Cross
78%
Enemy: She can phase Ghost
74%
Enemy: Nicknamed "The Conqueror" Kang
70%
Status currently Alive
67%
His first profession Thief | Robber | Burglar
59%
No matching quizzes found
Score Distribution
Percent of People with Each Score
Percentile by Number Answered
Your Score History
You have not taken this quiz